|
|
|
|
| LEADER |
00000cam a2200000 7i4500 |
| 001 |
0000048708 |
| 005 |
20071115093000.0 |
| 008 |
050516s2000 |
| 020 |
|
|
|a 0415201780
|
| 090 |
0 |
0 |
|a PE1422
|b .B4 2000
|
| 100 |
0 |
|
|a Beard, Adrian ,
|d 1951- ,
|e author
|
| 245 |
1 |
4 |
|a The language of politics
|c Adrian Beard
|
| 260 |
2 |
|
|a London :
|b Routledge ,
|c c2000
|
| 300 |
|
|
|a ix, 121 p. :
|b ill. ;
|c 26 cm.
|
| 440 |
0 |
0 |
|a Intertext
|
| 504 |
|
|
|a Includes bibliographical references (p. 121) and index
|
| 650 |
|
0 |
|a English language
|x Discourse analysis
|
| 650 |
|
0 |
|a Political science
|z English-speaking countries
|x Terminology
|
| 650 |
|
0 |
|a Politicians
|z English-speaking countries
|x Language
|
| 999 |
|
|
|a 1000101782
|b Book
|c OPEN SHELF (30 DAYS)
|e Gong Badak Campus
|